000 00969nas a2200301 4500
001 BR8802847
003 BR-BrBNA
005 20231205091138.0
007 ta
008 230509b bl.|||p| |||| 00| 00por d
040 _aBR-BrBNA
_bpor
_cBiblioteca Nacional de Agricultura
041 _a(Pt)
072 _aH10
100 1 _aPetelincar, I.M.
100 1 _aAranha, V.L.S. dos S.
100 1 _aRaga, A.
100 1 _aWatanabe, K.
100 1 _aCalza, R.
100 1 _aVecchiato, M.H.
100 1 _aSyplicy Filho, N.
245 1 _aMetodologia para a criacao massal de "moxa das frutas" do genero Anastrepha com dieta artificial
246 1 _aMethodology for mass rearing of fruit flies of the genus Anastrepha on artificial diet
650 _aMOSCA DAS FRUTAS
650 _aCRIACAO MASSAL
773 0 _tBiologico (Brazil)
_xISSN 0366-0567
_g(Aug 1985), v. 51(8) p. 209-214
_wBR8802847
909 _a202311
_bLúcia
_c55
_dLúcia Elande
942 _2AGRIS
_n0
_cANA
999 _c123114
_d123114